Count from 1 to 100 in German! - Statistics

General Stats
  • This quiz has been taken 6 times
  • The average score is 72 of 100
Answer Stats
Hint Answer % Correct
8 Acht
100%
3 Drei
100%
1 Eins
100%
11 Elf
100%
5 Fünf
100%
9 Neun
100%
6 Sechs
100%
7 Sieben
100%
4 Vier
100%
10 Zehn
100%
2 Zwei
100%
12 Zwölf
100%
18 Achtzehn
83%
13 Dreizehn
83%
15 Fünfzehn
83%
19 Neunzehn
83%
16 Sechzehn
83%
17 Siebzehn
83%
14 Vierzehn
83%
20 Zwanzig
83%
88 Achtundachtzig
67%
38 Achtunddreißig
67%
58 Achtundfünfzig
67%
98 Achtundneunzig
67%
68 Achtundsechzig
67%
78 Achtundsiebzig
67%
48 Achtundvierzig
67%
28 Achtundzwanzig
67%
80 Achtzig
67%
30 Dreißig
67%
83 Dreiundachtzig
67%
33 Dreiunddreißig
67%
53 Dreiundfünfzig
67%
93 Dreiundneunzig
67%
63 Dreiundsechzig
67%
73 Dreiundsiebzig
67%
43 Dreiundvierzig
67%
23 Dreiundzwanzig
67%
100 Einhundert
67%
81 Einundachtzig
67%
31 Einunddreißig
67%
51 Einundfünfzig
67%
91 Einundneunzig
67%
61 Einundsechzig
67%
71 Einundsiebzig
67%
41 Einundvierzig
67%
21 Einundzwanzig
67%
85 Fünfundachtzig
67%
35 Fünfunddreißig
67%
55 Fünfundfünfzig
67%
95 Fünfundneunzig
67%
65 Fünfundsechzig
67%
75 Fünfundsiebzig
67%
45 Fünfundvierzig
67%
25 Fünfundzwanzig
67%
50 Fünfzig
67%
89 Neunundachtzig
67%
39 Neununddreißig
67%
59 Neunundfünfzig
67%
99 Neunundneunzig
67%
69 Neunundsechzig
67%
79 Neunundsiebzig
67%
49 Neunundvierzig
67%
29 Neunundzwanzig
67%
90 Neunzig
67%
86 Sechsundachtzig
67%
36 Sechsunddreißig
67%
56 Sechsundfünfzig
67%
96 Sechsundneunzig
67%
66 Sechsundsechzig
67%
76 Sechsundsiebzig
67%
46 Sechsundvierzig
67%
26 Sechsundzwanzig
67%
60 Sechzig
67%
87 Siebenundachtzig
67%
37 Siebenunddreißig
67%
57 Siebenundfünfzig
67%
97 Siebenundneunzig
67%
67 Siebenundsechzig
67%
77 Siebenundsiebzig
67%
47 Siebenundvierzig
67%
27 Siebenundzwanzig
67%
70 Siebzig
67%
84 Vierundachtzig
67%
34 Vierunddreißig
67%
54 Vierundfünfzig
67%
94 Vierundneunzig
67%
64 Vierundsechzig
67%
74 Vierundsiebzig
67%
44 Vierundvierzig
67%
24 Vierundzwanzig
67%
40 Vierzig
67%
82 Zweiundachtzig
67%
32 Zweiunddreißig
67%
52 Zweiundfünfzig
67%
92 Zweiundneunzig
67%
62 Zweiundsechzig
67%
72 Zweiundsiebzig
67%
42 Zweiundvierzig
67%
22 Zweiundzwanzig
67%
No matching quizzes found
Score Distribution
Percent of People with Each Score
Percentile by Number Answered
Your Score History
You have not taken this quiz